000 00524nam a2200181Ia 4500
003 GCL
008 140319s9999 xx 000 0 ara d
040 _aGCL /
_cGCL
082 0 4 _a229.4
_bم م
100 1 _aمحمد محمود عبدالله
245 1 0 _aمظاهر كونية فى عالم قرآنية /
_cمحمد محمود عبدالله
300 _a191 ص
490 _aكتاب
_v0
650 0 4 _aالقران والعلم
650 0 4 _aالقران - اعجاز
650 0 4 _aالقران
942 _2ddc
_cBK
999 _c42570
_d42570